It's Your biz : (Record no. 35452)

MARC details
000 -LEADER
fixed length control field 00652nam a22001937a 4500
005 - DATE AND TIME OF LATEST TRANSACTION
control field 20240322131255.0
008 - FIXED-LENGTH DATA ELEMENTS--GENERAL INFORMATION
fixed length control field 240322b |||||||| |||| 00| 0 eng d
020 ## - INTERNATIONAL STANDARD BOOK NUMBER
ISBN 9780814416716
082 ## - DEWEY DECIMAL CLASSIFICATION NUMBER
Classification number 658.11
Item number SOL-I
100 ## - MAIN ENTRY--AUTHOR
Author Name Solovic, Susan Wilson.
245 ## - TITLE STATEMENT
Title It's Your biz :
Remainder of title the complete guide to becoming your own boss /
Statement of responsibility, etc. Susan Wilson Solovic, Ellen R. Kadin ; foreword by Edie Weiner .
260 ## - PUBLICATION, DISTRIBUTION, ETC.
Place of Publication USA :
Name of publisher, distributor, etc. AMA American Management Association ,
Date of publication, distribution, etc. c 2012 .
300 ## - PHYSICAL DESCRIPTION
Pages xii , 227 p. :
500 ## - GENERAL NOTE
General note Gifted by LUMS library.
650 ## - SUBJECT ADDED ENTRY--TOPICAL TERM
Subject / Department Management / Business
700 ## - ADDED ENTRY--PERSONAL NAME
Personal name Ellen R. Kadin
700 ## - ADDED ENTRY--PERSONAL NAME
Personal name Edie Weiner
300 ## - PHYSICAL DESCRIPTION
-- 23.5 cm .
952 ## - LOCATION AND ITEM INFORMATION (KOHA)
-- 0
-- 0
952 ## - LOCATION AND ITEM INFORMATION (KOHA)
-- 0
-- 0
952 ## - LOCATION AND ITEM INFORMATION (KOHA)
-- 0
-- 0
952 ## - LOCATION AND ITEM INFORMATION (KOHA)
-- 0
-- 0
952 ## - LOCATION AND ITEM INFORMATION (KOHA)
-- 0
-- 0
952 ## - LOCATION AND ITEM INFORMATION (KOHA)
-- 0
-- 0
952 ## - LOCATION AND ITEM INFORMATION (KOHA)
-- 0
-- 0
952 ## - LOCATION AND ITEM INFORMATION (KOHA)
-- 0
-- 0
Holdings
Lost status Damaged status Collection code Permanent Location Current Location Shelving Location Date acquired Full Call Number Accession No./Barcode Date last seen Copy number item type Koha item type
    Management Superior Information Resource Center (SIRC) Superior University- Main Campus Superior Information Resource Center (SIRC) Superior University- Main Campus Management / Business 03/22/2024 658.11 SOL-I 2012 29152 03/22/2024 1 BOOK BOOK
    Management Superior Information Resource Center (SIRC) Superior University- Main Campus Superior Information Resource Center (SIRC) Superior University- Main Campus Management / Business 03/22/2024 658.11 SOL-I 2012 29153 10/14/2024 2 BOOK BOOK
    Management Superior Information Resource Center (SIRC) Superior University- Main Campus Superior Information Resource Center (SIRC) Superior University- Main Campus Management / Business 03/22/2024 658.11 SOL-I 2012 29154 03/22/2024 3 BOOK BOOK
    Management Superior Information Resource Center (SIRC) Superior University- Main Campus Superior Information Resource Center (SIRC) Superior University- Main Campus Management / Business 03/22/2024 658.11 SOL-I 2012 29155 10/15/2025 4 BOOK BOOK
    Management Superior Information Resource Center (SIRC) Superior University- Main Campus Superior Information Resource Center (SIRC) Superior University- Main Campus Management / Business 03/22/2024 658.11 SOL-I 2012 29156 02/02/2026 5 BOOK BOOK
    Management Superior Information Resource Center (SIRC) Superior University- Main Campus Superior Information Resource Center (SIRC) Superior University- Main Campus Management / Business 03/22/2024 658.11 SOL-I 2012 29157 03/22/2024 6 BOOK BOOK
    Management Superior Information Resource Center (SIRC) Superior University- Main Campus Superior Information Resource Center (SIRC) Superior University- Main Campus Management / Business 03/22/2024 658.11 SOL-I 2012 29158 03/22/2024 7 BOOK BOOK
    Management Superior Information Resource Center (SIRC) Superior University- Main Campus Superior Information Resource Center (SIRC) Superior University- Main Campus Management / Business 03/22/2024 658.11 SOL-I 2012 29159 02/10/2026 8 BOOK BOOK

Powered by Koha